000 00415nam a2200181Ia 4500
001 8723
005 20260306160630.0
008 260306t2003||||xx |||||||||||||| ||spa||
041 _aESP
082 _a371.3
_bO55
100 _aOntoria Peña, Antonio
_eAUT
245 0 _aMapas conceptuales
260 _c2003
300 _a211 páginas :
_c23 cm.
650 _aGEN
654 _aCED
942 _cLIB
_dJUS
_fJUS
_2ddc
_n
999 _c8723
_d8723